000 00355 a2200157 4500
001 194900
040 _cMagnum
100 _aFRANCO, Renildo
240 1 0 _aA cançao de Rosamélia
_lpor
245 1 0 _aA cançao de Rosamélia
300 _a25
362 0 _a2010
440 1 _aGoverno do Estado do Ceará
697 _aLITERATURA INFANTIL
942 _cBK
999 _c194900
_d194900